| 000 | 00649nam a22002292 4500 | ||
|---|---|---|---|
| 001 | 0000004652 | ||
| 005 | 20151217145820.0 | ||
| 008 | 070528s xx 000 0 eng d | ||
| 020 |
_a0534375286 : _cGBP 45.00 |
||
| 040 |
_aKABU _cKABU |
||
| 050 | 0 |
_aQH541 _b.K76 2001 |
|
| 100 | 1 |
_aKrohne, David T. _@0000155316 |
|
| 245 | 1 | 0 | _aGeneral ecology. |
| 250 | _a2nd ed. | ||
| 260 |
_aPacific Grove, CA : _bBrooks/Cole, _c2001. |
||
| 300 | _axvi, 512 p. | ||
| 650 | 0 |
_aEcology. _@0000155307 |
|
| 908 | _a070528 | ||
| 950 | _@1 | ||
| 999 |
_c2851 _d2851 |
||